Geografia per Lettere - B - Statistics

Statistiche generali
  • Questo quiz è stato fatto 250 volte
    246 dall'ultimo reset
  • Il punteggio medio è 13 su 20
Statistiche sulle risposte
Categoria Risposta % Corretto
Capitale Europea Belgrado - Berlino - Berna - Bratislava - Bruxelles - Bucarest - Budapest
99%
Provincia Italiana Bari - Barletta-Andria-Trani - Belluno - Benevento - Bergamo - Biella - Bologna - Bolzano - Brescia - Brindisi
98%
Stato Europeo Belgio - Bielorussia - Bosnia ed Erzegovina - Bulgaria
95%
Capitale Sud Americana Buenos Aires - Brasilia - Bogotà
95%
Stato Sud Americano Bolivia - Brasile
94%
Stato Africano Benin - Botswana - Burkina Faso - Burundi
91%
Mare (tolto il prefisso "mare") Baltico - Baffin - Barents - Bering - Bismarck - Bohai
87%
Stato Asiatico Bahrein - Bangladesh - Birmania - Bhutan - Brunei
86%
Stato Nord Americano Bahamas - Barbados - Belize
84%
Città che ha Ospitato un'Olimpiade Berlino - Barcellona
74%
Capitale Asiatica Baghdad - Baku - Bandar Seri Begawan - Bangkok - Beirut - Biškek
70%
Distretto di New York City Bronx - Brooklyn
68%
Capitale di uno Stato USA Baton Rouge - Bismarck - Boise - Boston
55%
Isola (non valgono Australia e masse continentali)* Borneo - Bougainville - Bali
53%
Città Australiana Brisbane - Ballarat - Bendigo - Bathurst - Burnie
45%
Capitale Africana Bamako - Bangui - Banjul - Bissau - Brazzaville
42%
Capitale Nord Americana Basseterre - Belmopan - Bridgetown
32%
Fiume* Belaya - Beni - Benue - Bermejo - Brahmaputra - Brazos
9%
Montagna* Broad Peak - Batura Mustagh - Baintha Brakk - Baltoro Kangri - Baltisan Peak - Barrancas Blancas - Beka Brakai Chhok - Bogda Feng - Monte Bona
2%
Deserto Betpak-Dala - Black Rock - Bardenas Reales - Bahariya - Bechar
0%
Nessun quiz corrispondente trovato
Distribuzione punteggi
Percentuale di utenti per punteggio
Percentile per numero di risposta
I tuoi punteggi nel tempo
Non hai fatto questo quiz dall'ultimo reset